Detalles MARC
| 000 -LIDER |
| fixed length control field |
00912nam a22003011 4500 |
| 001 - NÚMERO DE CONTROL |
| Identificador de número de control |
01107648 |
| 003 - IDENTIFICACDOR DE NÚMERO DE CONTROL |
| control field |
DO-SdBNP |
| 005 - DATE AND TIME OF LATEST TRANSACTION |
| control field |
20180130110951.0 |
| 007 - CAMPOS FIJOS DE DESCRIPCIÓN FÍSICA |
| fixed length control field |
01107648 |
| 008 - ELEMENTOS DE LONGITUD FIJA |
| fixed length control field |
920725s1966 sp spa |
| 016 7# - NO. DE CONTROL DE LA AGENCIA BIB. NACIONAL |
| Record control number |
|
| Canceled/invalid record control number |
|
| Source |
BPMSU |
| 017 ## - NÚMERO DE REGISTRO DE DERECHOS DE AUTOR |
| Copyright or legal deposit number |
|
| Assigning agency |
|
| 035 ## - NÚMERO LOCAL |
| System control number |
|
| 040 ## - FUENTE DE CATALOGACIÓN |
| Agencia que crea de manera original el registro |
BPMSU |
| Idioma de catalogación |
spa |
| Agencia que realiza la transcripción |
BPMSU |
| 080 #0 - NÚMERO DE CLASIFICACIÓN DECIMAL UNIVERSAL |
| Universal Decimal Classification number |
|
| 080 #0 - NÚMERO DE CLASIFICACIÓN DECIMAL UNIVERSAL |
| Universal Decimal Classification number |
|
| 245 10 - MENCIÓN DE TITULO |
| Título |
Lo que se ha dicho de la virtud y del vicio : |
| Medio (Designación general de material) |
|
| Subtítulo |
Proverbios, refranes, cantares / |
| Mención de responsabilidad |
Recopilación y selección por Jorge Sintes Pros |
| 260 ## - PUBLICACIÓN, DISTRIBUCIÓN, ETC. (PIE DE IMPRENTA) |
| Lugar de publicación, distribución, etc |
Barcelona : |
| Nombre del editor, distribuidor, etc. |
Sintes, |
| Fecha de publicación, distribución, etc |
1966 |
| 300 ## - DESCRIPCIÓN FÍSICA |
| Extensión |
270 p. : |
| Dimensiones |
17 cm |
| 490 0# - MENCIÓN DE SERIES |
| Mención de serie |
"Lo Que se Ha Dicho..." |
| Volume/sequential designation |
v. 14 |
| 650 #7 - ENCABEZAMIENTO DE MATERIA--TEMÁTICO |
| Término temático o nombre geográfico como elemento de entrada |
Virtudes |
| Subdivisión de forma |
Refranes y proverbios |
| Fuente del encabezamiento o término |
embne |
| 650 #7 - ENCABEZAMIENTO DE MATERIA--TEMÁTICO |
| Término temático o nombre geográfico como elemento de entrada |
Vicios |
| Subdivisión de forma |
Refranes y proverbios |
| Fuente del encabezamiento o término |
embne |
| 700 1# - ASIENTO SECUNDARIO -- NOMBRE PERSONAL |
| Nombre personal |
Sintes Pros, Jorge |
| 830 ## - ASIENTO SECUNDARIO DE SERIE--TÍTULO UNIFORME |
| Nombre de la parte o sección de una obra |
"Lo Que se Ha Dicho..." |
| Volume number/sequential designation |
4 |
| 942 ## - ADDED ENTRY ELEMENTS (KOHA) |
| Source of classification or shelving scheme |
Dewey Decimal Classification |
| Koha item type |
Libros |
| 945 ## - INFORMACIÓN DE PROCESAMIENTO LOCAL |
| Información de procesamiento local |
Inventariado, 2018/ YL |
| 956 ## - LOCAL ELECTRONIC LOCATION AND ACCESS (OCLC) |
| Nombre de host |
VMATEO |
| Método de acceso |
10 |
| Materiales especificados |
20160308 |
| Enlace |
BPMSU |
| Campo enlazado y núm. de secuencia |
00069 |